000 00517nam a2200193Ia 4500
008 220531s9999 xx 000 0 und d
041 _amar
082 _bPAD
100 _aपाध्ये, अशोक अनु.
_975996
245 _aसिंधची दर्दभरी कहाणी
250 _a1ST
260 _aPune
_bChinar
_c2013
300 _a296
542 _d03-07-2017
551 _bNon-grant-MRA
650 _aHistory
_975997
906 _d2017-2018
_f11033
999 _c42227
_d42227